[Event "Dortmund Sparkassen op-B"]
[Site "Dortmund"]
[Date "2010.07.24"]
[Round "8"]
[White "Spenk, Willi"]
[Black "Pampushka, Eduard"]
[Result "1/2-1/2"]
[WhiteElo "1740"]
[BlackElo "1652"]
[PlyCount "75"]
[EventDate "2010.07.17"]
[EventType "swiss"]
[EventRounds "9"]
[EventCountry "GER"]
[SourceTitle "EXT 2014"]
[Source "ChessBase"]
[SourceDate "2013.11.20"]
[SourceVersion "1"]
[SourceVersionDate "2013.11.20"]
[SourceQuality "1"]

1. e4 e5 2. Nf3 Nc6 3. Bc4 Bc5 4. c3 Nge7 5. d4 exd4 6. cxd4 Bb4+ 7. Nc3 d5 8. exd5 Nxd5 9. 0-0 Be6 10. Nxd5 Bxd5 11. Qe2+ Ne7 12. a3 Bxc4 13. Qxc4 Bd6 14. Bg5 0-0 15. Rfe1 c6 16. d5 cxd5 17. Qg4 f6 18. Qe6+ Kh8 19. Bf4 Bxf4 20. Qxe7 Qxe7 21. Rxe7 b6 22. Rd1 Rfe8 23. Rd7 Red8 24. Re7 Rac8 25. Rde1 Kg8 26. g3 Bc1 27. Rxa7 Bxb2 28. Ree7 f5 29. Ng5 Bf6 30. Reb7 d4 31. Ne6 Rd6 32. Nxg7 d3 33. Nxf5 d2 34. Ne3 Rd3 35. Rd7 Rd8 36. Rxd8+ Bxd8 37. Nd1 Rd4 38. f3 1/2-1/2

[Event "Dortmund Sparkassen op-B"]
[Site "Dortmund"]
[Date "2010.07.22"]
[Round "6"]
[White "Raabe, Hans Ulrich"]
[Black "Pampushka, Eduard"]
[Result "1/2-1/2"]
[WhiteElo "1419"]
[BlackElo "1652"]
[PlyCount "53"]
[EventDate "2010.07.17"]
[EventType "swiss"]
[EventRounds "9"]
[EventCountry "GER"]
[SourceTitle "EXT 2014"]
[Source "ChessBase"]
[SourceDate "2013.11.20"]
[SourceVersion "1"]
[SourceVersionDate "2013.11.20"]
[SourceQuality "1"]

1. e4 e5 2. Nf3 Nc6 3. Bb5 Bc5 4. 0-0 Nd4 5. Nxd4 Bxd4 6. c3 Bb6 7. d4 exd4 8. cxd4 c6 9. Ba4 d5 10. e5 Ne7 11. Bg5 0-0 12. Bc2 Qc7 13. Nc3 Nf5 14. Ne2 Be6 15. Rc1 Qd7 16. Qd3 g6 17. Bf6 Bd8 18. Bxd8 Raxd8 19. b4 f6 20. exf6 Rxf6 21. Ng3 Rdf8 22. Qd2 R8f7 23. Nxf5 Bxf5 24. Bxf5 Qxf5 25. Rce1 Re6 26. Rxe6 Qxe6 27. Re1 1/2-1/2

[Event "Dortmund Sparkassen op-B"]
[Site "Dortmund"]
[Date "2010.07.19"]
[Round "3"]
[White "Pampushka, Eduard"]
[Black "Heldt, Maximilian"]
[Result "0-1"]
[WhiteElo "1652"]
[BlackElo "1438"]
[PlyCount "68"]
[EventDate "2010.07.17"]
[EventType "swiss"]
[EventRounds "9"]
[EventCountry "GER"]
[SourceTitle "EXT 2014"]
[Source "ChessBase"]
[SourceDate "2013.11.20"]
[SourceVersion "1"]
[SourceVersionDate "2013.11.20"]
[SourceQuality "1"]

1. e4 c5 2. Nf3 Nc6 3. g3 Nf6 4. d3 d5 5. e5 Nd7 6. e6 fxe6 7. Qe2 Nf6 8. Bh3 e5 9. Bxc8 Qxc8 10. Nxe5 Nd4 11. Qd1 Qe6 12. f4 Nd7 13. 0-0 Nxe5 14. fxe5 Qxe5 15. Re1 Nf3+ 16. Qxf3 Qxe1+ 17. Qf1 Qxf1+ 18. Kxf1 0-0-0 19. Bf4 g6 20. Nd2 Bg7 21. c3 Rhf8 22. Kg2 e5 23. Bg5 Rde8 24. Nb3 c4 25. dxc4 dxc4 26. Nc5 b6 27. Ne4 Kd7 28. Rd1+ Ke6 29. Bh4 h6 30. g4 g5 31. Bg3 Rd8 32. Re1 Rd5 33. h4 gxh4 34. Bxh4 Rf4 0-1

[Event "Dortmund Sparkassen op-B"]
[Site "Dortmund"]
[Date "2008.07.03"]
[Round "6"]
[White "Pampushka, Eduard"]
[Black "Schrimpl, Michael"]
[Result "1-0"]
[WhiteElo "1572"]
[BlackElo "1436"]
[PlyCount "189"]
[EventDate "2008.06.30"]
[EventType "swiss"]
[EventRounds "9"]
[EventCountry "GER"]
[SourceTitle "EXT 2022"]
[Source "ChessBase"]
[SourceDate "2021.10.06"]
[SourceVersion "1"]
[SourceVersionDate "2021.10.06"]
[SourceQuality "1"]

1. e4 c6 2. d4 d5 3. Nd2 dxe4 4. Nxe4 Nd7 5. Nf3 Ngf6 6. Ng3 h6 7. Bd3 Nb6 8. 0-0 Bg4 9. c3 Qd5 10. Be2 0-0-0 11. h3 Bxf3 12. Bxf3 Qb5 13. Qc2 e6 14. a4 Qa6 15. Bd2 Nbd5 16. b4 Qc4 17. Be2 Nxb4 18. Qb1 Qd5 19. cxb4 Qxd4 20. Be3 Qxb4 21. Qxb4 Bxb4 22. Bxa7 Bc3 23. Rab1 Bd4 24. Bb6 Bxb6 25. Rxb6 Nd5 26. Rb3 Kc7 27. Rfb1 b6 28. Rc1 Ra8 29. Bb5 c5 30. Ne4 f6 31. Nd2 Nf4 32. Kf1 Rhd8 33. Nc4 Rd3 34. Rbb1 Rd4 35. Bd7 Rb8 36. Bb5 Ra8 37. Rd1 Rxd1+ 38. Rxd1 Nd5 39. Rd3 Rd8 40. g3 h5 41. Ke1 h4 42. Ne3 hxg3 43. fxg3 g5 44. Bc4 Kc6 45. Ng4 Rf8 46. Rf3 f5 47. Ne3 Nc3 48. Kd2 Nxa4 49. Bxe6 Rd8+ 50. Kc2 Rd4 51. Nxf5 Rb4 52. Rb3 Rxb3 53. Kxb3 b5 54. h4 gxh4 55. gxh4 Nb6 56. Ne3 Kd6 57. Bg8 Nd7 58. h5 Nf6 59. h6 Ke7 60. h7 Nxh7 61. Bxh7 Kd6 62. Bg8 Ke5 63. Nd5 Kd4 64. Nc3 c4+ 65. Kb4 Kd3 66. Nxb5 c3 67. Nxc3 Kd4 68. Nb5+ Ke4 69. Kc4 Ke5 70. Kd3 Kf4 71. Kd4 Kf5 72. Nd6+ Kf4 73. Bd5 Kg5 74. Ke5 Kg4 75. Nf7 Kg3 76. Ke4 Kg4 77. Be6+ Kg3 78. Ne5 Kf2 79. Nd3+ Kg3 80. Ke3 Kh4 81. Kf4 Kh5 82. Ne5 Kh4 83. Bf5 Kh5 84. Ng4 Kh4 85. Bg6 Kh3 86. Ne3 Kh4 87. Ng2+ Kh3 88. Kf3 Kh2 89. Bf5 Kg1 90. Ne3 Kh2 91. Kf2 Kh1 92. Bh3 Kh2 93. Bf1 Kh1 94. Bg2+ Kh2 95. Ng4# 1-0

[Event "Dortmund op-B"]
[Site "Dortmund"]
[Date "2007.06.23"]
[Round "2"]
[White "Pampushka, Eduard"]
[Black "Grasse, Herbert"]
[Result "1-0"]
[WhiteElo "1380"]
[BlackElo "1719"]
[PlyCount "87"]
[EventDate "2007.06.22"]
[EventType "swiss"]
[EventRounds "9"]
[EventCountry "GER"]
[SourceTitle "EXT 2008"]
[Source "ChessBase"]
[SourceDate "2007.11.25"]
[SourceVersion "1"]
[SourceVersionDate "2007.11.25"]
[SourceQuality "1"]

1. e4 c5 2. g3 e6 3. c3 a6 4. d4 d5 5. dxc5 Bxc5 6. exd5 exd5 7. Bg2 Ne7 8. Ne2 0-0 9. 0-0 Nbc6 10. Nd4 Qb6 11. Nb3 Rd8 12. Nxc5 Qxc5 13. Be3 d4 14. cxd4 Nxd4 15. Nc3 Nef5 16. Qh5 g6 17. Qg5 Re8 18. Rad1 Qe5 19. Bxd4 h6 20. Bxe5 hxg5 21. Bf6 Be6 22. Bxg5 Kg7 23. Rd2 f6 24. Bf4 g5 25. Bc7 Rac8 26. Bb6 Rh8 27. Re1 Rce8 28. Bxb7 Bc4 29. Rxe8 Rxe8 30. Be4 Nh6 31. b3 Be6 32. Rd8 Re7 33. Ra8 Nf7 34. Ra7 Re8 35. Bc6 Rc8 36. Rc7 Rb8 37. Ba5 Kg6 38. Re7 Bh3 39. Bd5 Ne5 40. Bc7 Rc8 41. Bxe5 fxe5 42. Bf7+ Kf6 43. Nd5+ Kg7 44. Be6+ 1-0

[Event "Dortmund Sparkassen op-B"]
[Site "Dortmund"]
[Date "2006.08.05"]
[Round "8"]
[White "Mersch, Dirk"]
[Black "Pampushka, Eduard"]
[Result "1/2-1/2"]
[WhiteElo "1634"]
[BlackElo "1276"]
[PlyCount "86"]
[EventDate "2006.07.28"]
[EventType "swiss"]
[EventRounds "9"]
[EventCountry "GER"]
[SourceTitle "CBM 113 Extra"]
[Source "ChessBase"]
[SourceDate "2006.09.14"]
[SourceVersion "1"]
[SourceVersionDate "2006.09.14"]
[SourceQuality "1"]

1. e4 e5 2. d4 exd4 3. c3 dxc3 4. Bc4 Nc6 5. Nxc3 Nf6 6. Nf3 Bb4 7. 0-0 d6 8. Ng5 0-0 9. Qb3 Qe7 10. Nd5 Nxd5 11. exd5 Nd4 12. Qxb4 Nc2 13. Qc3 Nxa1 14. Re1 Qf6 15. Qd2 Bf5 16. Bd3 Rfe8 17. Ne4 Qd4 18. Qf4 Bxe4 19. Bxe4 Qxd5 20. h3 Rxe4 21. Rxe4 h6 22. Qg4 f5 23. Rd4 fxg4 24. Rxd5 gxh3 25. gxh3 Nc2 26. Rd3 Nb4 27. Rb3 Nd5 28. Rxb7 Kf8 29. Be3 Nxe3 30. fxe3 a5 31. Rxc7 Rb8 32. b3 Rb5 33. Kf2 Rc5 34. Rxc5 dxc5 35. Kf3 Kf7 36. Ke4 Ke6 37. Kd3 g5 38. Ke4 h5 39. a3 g4 40. hxg4 hxg4 41. Kf4 Kd5 42. e4+ Kd4 43. e5 g3 1/2-1/2

[Event "Dortmund Sparkassen op-B"]
[Site "Dortmund"]
[Date "2006.08.03"]
[Round "6"]
[White "Pampushka, Eduard"]
[Black "Kissing, Bastian"]
[Result "0-1"]
[WhiteElo "1276"]
[BlackElo "1640"]
[PlyCount "88"]
[EventDate "2006.07.28"]
[EventType "swiss"]
[EventRounds "9"]
[EventCountry "GER"]
[SourceTitle "CBM 113 Extra"]
[Source "ChessBase"]
[SourceDate "2006.09.14"]
[SourceVersion "1"]
[SourceVersionDate "2006.09.14"]
[SourceQuality "1"]

1. e4 c5 2. Nf3 d6 3. c3 Nf6 4. Bd3 Nc6 5. Bc2 Bg4 6. 0-0 Ne5 7. d4 Nxf3+ 8. gxf3 Bh3 9. Re1 e5 10. dxe5 dxe5 11. Qxd8+ Rxd8 12. Na3 Bd6 13. Nc4 Bc7 14. Re3 Be6 15. Nd2 0-0 16. Rd3 Rxd3 17. Bxd3 Rd8 18. Bc4 Bxc4 19. Nxc4 Rd1+ 20. Kg2 Nh5 21. f4 Nxf4+ 22. Kf3 Nd3 23. Ke2 Rxc1 24. Rxc1 Nxc1+ 25. Kd2 Nxa2 26. Kc2 b5 27. Nd2 b4 28. Nc4 a5 29. Ne3 a4 30. Kb1 b3 31. Nd5 Bd8 32. f3 h5 33. f4 exf4 34. Nxf4 h4 35. h3 Kh7 36. Nd3 Be7 37. Ne5 Bf6 38. Nxf7 Bxc3 39. bxc3 Nxc3+ 40. Kb2 Nxe4 41. Ne5 g5 42. Nf3 Kg6 43. Ne5+ Kf5 44. Ng4 Kf4 0-1

[Event "Dortmund Sparkassen op-B"]
[Site "Dortmund"]
[Date "2006.08.01"]
[Round "4"]
[White "Pampushka, Eduard"]
[Black "Matthias, Kurt"]
[Result "1-0"]
[WhiteElo "1276"]
[BlackElo "1642"]
[PlyCount "73"]
[EventDate "2006.07.28"]
[EventType "swiss"]
[EventRounds "9"]
[EventCountry "GER"]
[SourceTitle "CBM 113 Extra"]
[Source "ChessBase"]
[SourceDate "2006.09.14"]
[SourceVersion "1"]
[SourceVersionDate "2006.09.14"]
[SourceQuality "1"]

1. e4 e5 2. Nf3 Nc6 3. Bc4 Nf6 4. Nc3 h6 5. d3 d6 6. d4 exd4 7. Nxd4 Ne5 8. Bb3 a6 9. Nf3 Bg4 10. Be3 Qd7 11. Nxe5 dxe5 12. Qxd7+ Nxd7 13. f3 Bh5 14. 0-0-0 0-0-0 15. Nd5 Bd6 16. Rd3 Rhf8 17. Rc3 Kb8 18. Bc4 Bg6 19. a4 f5 20. Rb3 Ka8 21. Bd3 fxe4 22. Bxe4 Bxe4 23. fxe4 Bc5 24. Nxc7+ Ka7 25. Ne6 Bxe3+ 26. Rxe3 Nb6 27. Nxd8 Rxd8 28. b3 Rf8 29. Rf3 Rg8 30. Rf7 g5 31. Rhf1 Rd8 32. Re7 Nc8 33. Rxe5 Rd4 34. Rd1 Rb4 35. Kb2 Nb6 36. Ka3 a5 37. Rxa5+ 1-0

[Event "Dortmund Sparkassen op-B"]
[Site "Dortmund"]
[Date "2006.07.30"]
[Round "3"]
[White "Huber, Helmut"]
[Black "Pampushka, Eduard"]
[Result "0-1"]
[WhiteElo "1588"]
[BlackElo "1276"]
[PlyCount "120"]
[EventDate "2006.07.28"]
[EventType "swiss"]
[EventRounds "9"]
[EventCountry "GER"]
[SourceTitle "CBM 113 Extra"]
[Source "ChessBase"]
[SourceDate "2006.09.14"]
[SourceVersion "1"]
[SourceVersionDate "2006.09.14"]
[SourceQuality "1"]

1. d4 d5 2. c4 c6 3. Nf3 Nf6 4. e3 e6 5. Bd3 g6 6. Qc2 Bg7 7. 0-0 Nbd7 8. Nc3 0-0 9. cxd5 cxd5 10. Re1 Nb6 11. b3 Bd7 12. Ba3 Re8 13. Rac1 Rc8 14. Qe2 Bf8 15. Bb2 Bd6 16. Ne5 a6 17. Qf3 Qe7 18. e4 Red8 19. Nxd7 Nfxd7 20. exd5 e5 21. Ne4 Ba3 22. d6 Bxd6 23. Nxd6 Qxd6 24. dxe5 Qd5 25. Be4 Rxc1 26. Rxc1 Qd2 27. Qc3 Qxc3 28. Rxc3 Nxe5 29. h3 Rd1+ 30. Kh2 Rd2 31. Rc2 Rxc2 32. Bxc2 Nc6 33. Be4 f5 34. Bf3 Kf7 35. a4 Na5 36. Bd4 Nc8 37. Bd5+ Kf8 38. b4 Nc6 39. Bc5+ N8e7 40. b5 axb5 41. axb5 Nd8 42. Kg3 Ke8 43. Bxe7 Kxe7 44. Bg8 h6 45. Kf4 b6 46. Ke5 Nb7 47. Bh7 Kf7 48. Kd5 Na5 49. Kd6 Kg7 50. Kc7 Nc4 51. Bxg6 Kxg6 52. g3 Kg5 53. f3 f4 54. h4+ Kh5 55. gxf4 Kxh4 56. Kc6 Kh5 57. Kd5 Kg6 58. Kxc4 Kf5 59. Kd3 Kxf4 60. Ke2 Kg3 0-1